Statistics for People, Things, and Ideas of the Victorian Era

Click here to take the quiz!

General Stats

  • This quiz has been taken 186 times
  • The average score is 7 of 15

Answer Stats

HintAnswer% Correct
Wrote Oliver TwistCharles Dickens
96%
Ruler of the United Kingdom from 1837-1900Queen Victoria
95%
Nurse who revolutionized her fieldFlorence Nightingale
77%
Wrote Alice In WonderlandLewis Carrol
76%
Instituion designed to make the poor work in exchange for lodging and foodWorkhouse
61%
Liberal party in British politicsWhigs
50%
Conservative party in British politicsTories
47%
Finches, HMS Beagle, ControversyCharles Darwin
34%
Major virtue that unmarried Victorian women were meant to haveChastity
28%
Wrote about a fictional detectiveSir Arthur Conan Doyle
27%
Group of people that developed during the time period and were well offMiddle Class
24%
Prime Minister of England when Queen Victoria came to the throneLord Melbourne
18%
Major room in a middle class homeParlor
18%
Prime Minister who resigned because the queen angered himSir Robert Peel
5%
Government act passed to help the poorPoor Law of 1834
0%

Score Distribution

Percentile by Number Answered

Percent of People with Each Score

Your Score History

You have not taken this quiz